Church repairs (Record no. 63032)

MARC details
000 -LEADER
fixed length control field 00961cam a2200229 4500
001 - CONTROL NUMBER
control field WB3613-27
008 - FIXED-LENGTH DATA ELEMENTS--GENERAL INFORMATION
fixed length control field 000000n2000 000 0 eng u
035 ## - SYSTEM CONTROL NUMBER
System control number (Sirsi) u105093
245 ## - TITLE STATEMENT
Title Church repairs
260 ## - PUBLICATION, DISTRIBUTION, ETC.
Date of publication, distribution, etc. 2000
490 ## - SERIES STATEMENT
Series statement Daily Telegraph
Volume/sequential designation 29 March 2000, 9
490 ## - SERIES STATEMENT
Series statement Independent
Volume/sequential designation 29 March 2000, 9(2)
520 ## - SUMMARY, ETC.
Summary, etc. A High Court judge has ordered a landowner to honour an ancient liability to pay for repairs to the chancel of the local 13th century village church. The landowner's farm is a 'rectorial property' , making him a lay rector and people holding this title are liable for maintenance of the church chancel. This ancient custom is supported by the Chancel Repairs Act 1932.
590 ## - LOCAL NOTE (RLIN)
Local note WB
650 ## - SUBJECT ADDED ENTRY--TOPICAL TERM
Topical term or geographic name entry element CHANCEL REPAIRS ACT 1932
650 ## - SUBJECT ADDED ENTRY--TOPICAL TERM
Topical term or geographic name entry element RECTORIAL PROPERTY
650 ## - SUBJECT ADDED ENTRY--TOPICAL TERM
Topical term or geographic name entry element CHURCHES
650 ## - SUBJECT ADDED ENTRY--TOPICAL TERM
Topical term or geographic name entry element BUILT ENVIRONMENT-BUILDING MAINTENANCE AND REFURBISHMENT
650 ## - SUBJECT ADDED ENTRY--TOPICAL TERM
Topical term or geographic name entry element COMMON LAW
690 ## - LOCAL SUBJECT ADDED ENTRY--TOPICAL TERM (OCLC, RLIN)
Topical term or geographic name as entry element PROPERTY
942 ## - ADDED ENTRY ELEMENTS (KOHA)
Suppress in OPAC 0
Holdings
Withdrawn status Lost status Source of classification or shelving scheme Damaged status Not for loan Home library Current library Shelving location Date acquired Total Checkouts Full call number Barcode Date last seen Copy number Price effective from Koha item type
    Dewey Decimal Classification     London London News article 29/03/2000   WB3613-27 105093-1001 06/08/2019 1 06/08/2019 News article